| 000 | 00428pab a2200169 454500 | ||
|---|---|---|---|
| 008 | 180718b1989 xxu||||| |||| 00| 0 eng d | ||
| 100 | _aAckroyd, Stephen | ||
| 245 | _aPublic sector services and their management | ||
| 260 | _c1989 | ||
| 300 | _a603-19 | ||
| 362 | _aNov. | ||
| 650 | _aPublic Utilities | ||
| 700 | _aKeith Soothill | ||
| 700 | _aJohn A. Hughes | ||
| 773 | _aJournal of Management Studies | ||
| 909 | _a16966 | ||
| 999 |
_c16966 _d16966 |
||